Statistics for NBA Top 10 Team Rivalry All-Time

Click here to take the quiz!

General Stats

  • This quiz has been taken 23 times
  • The average score is 5 of 10

Answer Stats

Player % Correct
Celtics - Lakers
100%
Pistons - Bulls
84%
Warriors - Cavaliers
68%
76ers - Celtics
47%
Lakers - Spurs
37%
Celtics - Pistons
32%
Knicks - Bulls
26%
Kings - Lakers
26%
Pacers - Knicks
21%
Knicks - Heat
21%

Score Distribution

Percentile by Number Answered

Percent of People with Each Score

Your Score History

You have not taken this quiz